Les 20 pays où les réserves de gaz naturel sont les plus importantes - Statistiques

Statistiques générales
  • Ce quiz a été pris 223 fois
  • Le résultat moyen est 13 sur 20
Statistiques - réponses
% mondial Pays % Correct
22,82 Russie
98%
1,53 Chine
88%
0,82 Canada
87%
3,84 Arabie Saoudite
85%
15,86 Iran
82%
2,16 Algérie
81%
1,52 Irak
75%
11,66 Qatar
75%
3,69 États-Unis
70%
0,85 Koweït
65%
0,95 Norvège
61%
2,45 Nigeria
59%
1,91 Indonésie
56%
1,04 Égypte
53%
1,51 Kazakhstan
51%
2,49 Venezuela
50%
11,66 Turkménistan
37%
0,88 Ouzbékistan
35%
2,91 Émirats Arabes Unis
30%
1,12 Malaisie
25%
Aucun quiz correspondant
Distribution des résultats
% des personnes avec chaque résultat
Percentile par nombre de réponses
Votre historique - résultats
Vous n’avez pas pris ce quiz